Flood and coastal erosion risk management progress report 2008-2011 for England (Record no. 112741)

MARC details
000 -LEADER
fixed length control field 00990cad a22001935a 4500
001 - CONTROL NUMBER
control field a153874
008 - FIXED-LENGTH DATA ELEMENTS--GENERAL INFORMATION
fixed length control field 110914s2011 xxk f 000 0 eng d
035 ## - SYSTEM CONTROL NUMBER
System control number (Sirsi) u153874
041 0# - LANGUAGE CODE
Language code of text/sound track or separate title eng
110 2# - MAIN ENTRY--CORPORATE NAME
Corporate name or jurisdiction name as entry element England and Wales
Subordinate unit Environment Agency
9 (RLIN) 2469
245 00 - TITLE STATEMENT
Title Flood and coastal erosion risk management progress report 2008-2011 for England
Medium [electronic resource]
260 ## - PUBLICATION, DISTRIBUTION, ETC.
Place of publication, distribution, etc. [S.l.]
Name of publisher, distributor, etc. Environment Agency
Date of publication, distribution, etc. 2011
520 ## - SUMMARY, ETC.
Summary, etc. Summary of the achievements of the Environment Agency and partners in delivering DEFRA outcome measures between 2008 and 2011. Details of the nine outcome measures set by government in 2008 with what has been achieved against each measure.
590 ## - LOCAL NOTE (RLIN)
Local note KA NTK
651 #4 - SUBJECT ADDED ENTRY--GEOGRAPHIC NAME
Geographic name England
Chronological subdivision 886-
690 ## - LOCAL SUBJECT ADDED ENTRY--TOPICAL TERM (OCLC, RLIN)
Topical term or geographic name as entry element ENVIRONMENTAL AND LAND CONSULTANCY-WATER RESOURCE MANAGEMENT-FLOODING
856 40 - ELECTRONIC LOCATION AND ACCESS
Uniform Resource Identifier <a href="https://publications.environment-agency.gov.uk/PDF/GEHO0711BUBK-E-E.pdf">https://publications.environment-agency.gov.uk/PDF/GEHO0711BUBK-E-E.pdf</a>
Public note View the item free of charge at http://publications.environment-agency.gov.uk
942 ## - ADDED ENTRY ELEMENTS (KOHA)
Suppress in OPAC 0
Holdings
Withdrawn status Lost status Source of classification or shelving scheme Damaged status Not for loan Home library Current library Shelving location Date acquired Total Checkouts Full call number Barcode Date last seen Copy number Price effective from Koha item type
    Dewey Decimal Classification     Virtual Virtual Online 14/09/2011   ONLINE PUBLICATION 153874-2001 06/08/2019 1 06/08/2019 Book